SCHAUM'S OUTLINES MACROECONOMIC THEORY (Record no. 9261)

MARC details
000 -LEADER
fixed length control field 01036nam a22001697a 4500
003 - CONTROL NUMBER IDENTIFIER
control field SGT
020 ## - INTERNATIONAL STANDARD BOOK NUMBER
International Standard Book Number 9780070589384
082 ## - DEWEY DECIMAL CLASSIFICATION NUMBER
Classification number 338.501,SAL
100 ## - MAIN ENTRY--PERSONAL NAME
Personal name SALVATORE,DOMINICK
245 ## - TITLE STATEMENT
Title SCHAUM'S OUTLINES MACROECONOMIC THEORY
250 ## - EDITION STATEMENT
Edition statement 3RD
260 ## - PUBLICATION, DISTRIBUTION, ETC. (IMPRINT)
Place of publication, distribution, etc NEW DELHI
Name of publisher, distributor, etc TMH
Year of Publication 2013
300 ## - PAGE DESCRIPTION
No. of Pages 364
650 ## - SUBJECT ADDED ENTRY--TOPICAL TERM
Topical term or geographic name as entry element MICROECONOMICS, PRODUCTION
653 ## - KEYWORDS--INDEX TERM
Keyword term CHAPTER 1: INTRODUCTION CHAPTER 2: DEMAND, SUPPLY, AND EQUILIBRIUM: AN OVERVIEW CHAPTER 3: THE MEASUREMENT OF ELASTICITIES CHAPTER 4: CONSUMER DEMAND THEORY CHAPTER 5: ADVANCED TOPICS IN CONSUMER DEMAND THEORY CHAPTER 6: THEORY OF PRODUCTION CHAPTER 7: COSTS OF PRODUCTION CHAPTER 8: ADVANCED TOPICS IN PRODUCTION THEORY CHAPTER 9: PRICE AND OUTPUT UNDER PERFECT COMPETITION CHAPTER 10: PRICE AND OUTPUT UNDER PURE MONOPOLY CHAPTER 11: PRICE AND OUTPUT UNDER MONOPOLISTIC COMPETITION AND OLIGOPOLY CHAPTER 12: RECENT AND ADVANCED TOPICS IN MARKET STRUCTURE CHAPTER 13: INPUT PRICING AND EMPLOYMENT CHAPTER 14: GENERAL EQUILIBRIUM AND WELFARE ECONOMICS
942 ## - ADDED ENTRY ELEMENTS (KOHA)
Source of classification or shelving scheme Dewey Decimal Classification
Koha item type FCM Books
942 ## - ADDED ENTRY ELEMENTS (KOHA)
-- 10
Holdings
Withdrawn status Lost status Source of classification or shelving scheme Damaged status Not for loan Collection code Home library Current library Shelving location Date acquired Vendor Name Cost, normal purchase price SGTU Bill Number Total Checkouts Full call number Accession No. (Barcode) Date last seen Date last borrowed Bill Date Koha item type
    Dewey Decimal Classification     COMMERCE MANAGEMENT SGT Science & Social Sciences Library SGT Science & Social Sciences Library On Display 27/06/2016 UBSPD 455.00 SGTU 362357 13 338.501,SAL CM363 14/09/2024 03/07/2024 21/10/2014 FCM Books
    Dewey Decimal Classification     COMMERCE MANAGEMENT SGT Science & Social Sciences Library SGT Science & Social Sciences Library On Display 27/06/2016 UBSPD 455.00 SGTU 362357 5 338.501,SAL CM364 23/02/2024 04/01/2024 21/10/2014 FCM Books